LEADER 01525nam a2200277 i 4500 001 000000151535 003 CaOOAMICUS 005 20060704000000.0 008 060704s1997 it u000 u ita u 013 $a128873 040 $aSeMil$bita 100 1 $aClaret de La Touche, Louise Marguerite .$0(OLS)http://semarc/name/38868 245 13$aIl Sacro Cuore e il Sacerdozio /$cdella Serva di Dio M. Luisa Margherita Claret de la Touche ; [Traduzione del francese di Natale Federico Reviglio ]. 250 $a6. ed. 260 $aVische (Torino) :$bBetania del Sacro Cuore,$c[Imprim. 1980]$e(Torino :$fScuola Grafica Salesiana,$g[Imprim. 1980]) 300 $a189 p. ;$c21 cm. 500 $aEd. extra commerciale. - In testa al front. : Opera dell'Amore infinito. - Contiene : Appendici. - Dono del Card. Dionigi Tettamanzi. 650 4$aClaret de la Touche, Luisa Margherita - Scritti.$0(OLS)http://semarc/subject/18497 650 4$aClaret de la Touche, Luisa Margherita - Spiritualitą.$0(OLS)http://semarc/subject/26789 700 1 $aReviglio, Natale Federico.$0(OLS)http://semarc/name/59542 850 $aSeMil 852 $aSeMil$W1$xVenegono$y1$m3H III 358$j103562$B103562$CSeMilBibl$Z2$F113653 $81 941 1 $a5 961 $aOmaggio: Tettamanzi Card. Dionigi 996 $6245$aIl Sacro Cuore e il Sacerdozio$9(OLS)http://semarc/title/221455 996 $6260$aVische (Torino) :$bBetania del Sacro Cuore$9(OLS)http://semarc/publisher/47978 LEADER 01035nas a2200253 i 4500 001 000000172692 003 CaOOAMICUS 005 20080708000000.0 008 080623b2007 it uu u0 0ita r 013 $a150135 020 $a978-88-15-11709-0 040 $aSeMil$bita 245 10$aPer Richard Rorty ; Societą civile globale ; La «Fenomenologia dello spirito» (1807-2007) 260 $aBologna :$bIl Mulino,$ccopyr. 2007. 300 $aP. [421]-667 ;$c24 cm. 500 $aTitoli dalla copertina. 773 0 $tIride.$dBologna : Il Mulino $w()3227 774 0 $t[vedi periodico].$w()269145 850 $aSeMil 852 $aSeMil$W1$xVenegono$y1$m158 6 40$j123546$B123546$CSeMilBibl$Z2$F135142 $85 961 $aCambio: Scuola Cattolica 996 $6020$a978-88-15-11709-0$9(OLS)http://semarc/number/160185 996 $6245$aPer Richard Rorty ; Societą civile globale ; La «Fenomenologia dello spirito» (1807-2007)$9(OLS)http://semarc/title/247351 996 $6260$aBologna :$bIl Mulino$9(OLS)http://semarc/publisher/29842